Αμερικάνικη ζωγραφική : 1900 - 1982
Αποθηκεύτηκε σε:
| Συγγραφή απο Οργανισμό/Αρχή: | |
|---|---|
| Μορφή: | Βιβλίο |
| Γλώσσα: | Greek |
| Δημοσίευση: |
Αθήνα :
Εθνική Πινακοθήκη, Μουσείο Αλεξάνδρου Σούτζου,
1982
|
| Θέματα: | |
| Ετικέτες: |
Προσθήκη ετικέτας
Δεν υπάρχουν, Καταχωρήστε ετικέτα πρώτοι!
|
MARC
| LEADER | 00000nam a2200000 i 4500 | ||
|---|---|---|---|
| 001 | 1/84292 | ||
| 008 | 950623s1982 gre d | ||
| 035 | |a 1989 |b 3 |c Δωρεά |l 10034407 | ||
| 040 | |a GR-MY-UA |b gre |e aacr | ||
| 041 | 0 | |a gre | |
| 082 | 0 | |a 759.13 | |
| 110 | 2 | |a Εθνική Πινακοθήκη - Μουσείο Αλεξάνδρου Σούτζου. | |
| 245 | 1 | 0 | |a Αμερικάνικη ζωγραφική : |b 1900 - 1982 |
| 260 | |a Αθήνα : |b Εθνική Πινακοθήκη, |b Μουσείο Αλεξάνδρου Σούτζου, |c 1982 | ||
| 300 | |a 88 σ. | ||
| 500 | |a Ανω του τίτλου: Υπουργείο Πολιτισμού και Επιστημών | ||
| 650 | 0 | 0 | |a Painting, American. |
| 650 | 0 | 0 | |a Painting, Modern |y 20th century. |
| 852 | |a INST |b LESVOS |e 19950623 |h 759.13 AME |p 005100008588 |q 005100008588 |t BK |y 0 | ||
| 852 | |a INST |b RHODES |e 19970318 |h 759.13 ΑΜΕ |p 005400010229 |q 005400010229 |t BK |y 0 | ||
| 909 | |a Ρ |b 017372 |c 1989 | ||
| 909 | |a Λ |b 022955 | ||
| 922 | |a 1ΔΩΡ |b 199203 | ||